| 000 | 00758nam a22002295i 4500 | ||
|---|---|---|---|
| 001 | 54362 | ||
| 003 | ES-MaACL | ||
| 005 | 20230906162936.0 | ||
| 007 | t| | ||
| 008 | 960718s1896 fr ||||1| fre d | ||
| 040 |
_aCAM _bspa _cCAM |
||
| 080 | _a171.12.2 | ||
| 100 | 1 |
_aFonsegrive, George-Lespinasse. _951533 |
|
| 245 | 1 | 0 |
_aEssai sur le libre arbitre _b: sa théorie et son histoire / _cpar George L.-Fonsegrive. |
| 250 | _a2e éd. revue et augm. d'un appendice. | ||
| 260 |
_aParis : _bFélix Alcan, _c1896 ( _fImprimerie F. Levé) |
||
| 300 |
_a[10], 592 p. ; _c22 cm. |
||
| 490 | 1 | _aBibliothèque de philosophie contemporaine | |
| 830 | 0 |
_aBibliothèque de philosophie contemporaine _9181027 |
|
| 852 |
_aES-MaACL _jB-6385 |
||
| 999 |
_c54362 _d54362 |
||